| 000 | 01049nam a2200265 a 4500 | ||
|---|---|---|---|
| 001 | 000026365 | ||
| 005 | 20200930024530.0 | ||
| 008 | 110315s2010 dr ac r 001 d spa d | ||
| 020 | _a9789993478454 | ||
| 040 |
_aDO-SdBNP _bspa _cBNPHU |
||
| 082 |
_aPR862.4409 _bP426m |
||
| 100 | 1 |
_aPerales, Rosalina _947880 |
|
| 245 | 1 | 0 |
_aMe llaman desde allá : _bteatro y performance de la diáspora puertorriqueña / _cRosalina Perales ; prólogo Carmen Dolores Hernández. |
| 260 |
_aSanto Domingo : _bImpresora Soto Castillo, _c2010. |
||
| 300 |
_axvii, 295 p. : _bil., retrs. ; _c20 cm. |
||
| 500 | _aIncluye índice de nombres | ||
| 504 | _aIncluye referencias bibliográficas y notas al pie de páginas. | ||
| 504 | _aBibliografía : p. 261-290. | ||
| 590 | _aInventariado, 2019/BT | ||
| 650 | 4 |
_aTeatro puertorriqueño _xHistoria y crítica _953392 |
|
| 650 | 4 |
_aAutores puertorriqueños _953393 |
|
| 650 | 4 |
_aLiteratura puertorriqueña _9250 |
|
| 700 | 1 |
_aHernández, Carmen Dolores, _epról. _953394 |
|
| 910 | _aValidado. Control de calidad. EMS | ||
| 999 |
_c25857 _d25857 |
||